[Event "Druzynowe Mistrzostwa Polski - II liga"]
[Site "Dom Wczasowy VIS Jastrzebia Gora"]
[Date "1899-12-30"]
[Round "3.80"]
[White "Drozdowski, Konrad"]
[Black "Jankowiak, Piotr"]
[Result "1/2-1/2"]
[WhiteTitle "k"]
[BlackTitle "k"]
[WhiteElo "2088"]
[BlackElo "2046"]

1. Nf3 Nf6 2. e3 d5 3. c4 e6 4. b3 Be7 5. Bb2 O-O 6. cxd5 Nxd5 7. Be2 b6 8. O-O
Bb7 9. Nc3 Bf6 10. d4 Nxc3 11. Bxc3 c5 12. Rc1 Nd7 13. Qd2 Qe7 14. Qb2 Rfd8 15.
Rfd1 Rac8 16. b4 cxd4 17. Nxd4 a6 18. Nf3 Bxc3 19. Rxc3 Rxc3 20. Qxc3 Rc8 21.
Qd4 Nf6 22. a3 Nd5 23. Bc4 b5 24. Bxd5 Bxd5 25. Ne5 Bb3 26. Re1 Qc7 27. Qa1 Qc3
28. Nd7 Qxa1 29. Rxa1 Bd5 30. Nc5 a5 31. f3 g6 32. e4 Bc4 33. Rb1 1/2-1/2

[Event "Druzynowe Mistrzostwa Polski - II liga"]
[Site "Dom Wczasowy VIS Jastrzebia Gora"]
[Date "1899-12-30"]
[Round "3.81"]
[White "Grzeskow, Adrian"]
[Black "Zielinski, Olgierd"]
[Result "1/2-1/2"]
[WhiteTitle "I+"]
[BlackTitle "I+"]
[WhiteElo "1946"]
[BlackElo "1800"]

1. d4 Nf6 2. Nc3 d5 3. Bf4 a6 4. e3 Bf5 5. f3 h6 6. g4 Bg6 7. Bd3 Bxd3 8. Qxd3
e6 9. Nge2 Bd6 10. h4 Bxf4 11. Nxf4 Nc6 12. O-O-O Qd6 13. g5 Nd7 14. Rdg1 h5 15.
g6 f6 16. Nfe2 Nb4 17. Qd2 Nb6 18. b3 O-O-O 19. Ng3 c5 20. Kb2 c4 21. Nce2 Kb8
22. a3 Nc6 23. b4 c3+ 24. Kxc3 Nc4 25. Qc1 Na7 26. Kb3 a5 27. c3 Kc7 28. e4 Ra8
29. Qf4 e5 30. dxe5 fxe5 31. Qf7+ Kb6 32. Qxd5 Qxd5 33. exd5 Nd2+ 34. Kc2 Nxf3
35. Rf1 Rhf8 36. Nxh5 axb4 37. axb4 Nb5 38. Nxg7 e4 39. Ra1 Na3+ 40. Kc1 Nxh4
41. Rxa3 Rxa3 42. Rxh4 Ra2 43. Nf4 Rf2 44. Nge6 1/2-1/2

[Event "Druzynowe Mistrzostwa Polski - II liga"]
[Site "Dom Wczasowy VIS Jastrzebia Gora"]
[Date "1899-12-30"]
[Round "3.82"]
[White "Lewandowski, Marek"]
[Black "Statucki, Maciej"]
[Result "0-1"]
[WhiteTitle "I+"]
[BlackTitle "I"]
[WhiteElo "1758"]
[BlackElo "1858"]

1. e4 c5 2. Nc3 g6 3. f4 Bg7 4. Nf3 Nc6 5. Bb5 Nd4 6. Bc4 e6 7. Nxd4 cxd4 8. Ne2
Ne7 9. d3 O-O 10. O-O d5 11. Bb3 dxe4 12. dxe4 b5 13. a4 b4 14. Bc4 Qc7 15. Bd3
f5 16. Bd2 a5 17. Ng3 Ba6 18. Rc1 h5 19. Qe2 Bxd3 20. cxd3 Qd7 21. b3 h4 22. Nh1
Rac8 23. Rc4 Rxc4 24. dxc4 d3 25. Qe1 Nc6 26. e5 Nd4 27. Qb1 Ne2+ 28. Kf2 Nc3
29. Qe1 Qd4+ 30. Qe3 Rd8 31. Qxd4 Rxd4 32. Kf3 Bf8 33. Nf2 Rd7 34. Rc1 Ne2 35.
Rb1 Nd4+ 36. Ke3 Nc2+ 37. Kf3 Bc5 38. g3 hxg3 39. hxg3 Bxf2 40. Kxf2 Rh7 41. Kg2
Kf8 42. Rd1 Ke8 43. Bc1 Rd7 44. Kf2 Na1 45. Be3 Nxb3 46. Bb6 d2 47. Ke3 Rh7 48.
c5 Rh3 49. Kf3 Kd7 50. Kg2 Rh7 51. Kf2 Kc6 52. Ke3 Rd7 53. Ke2 Nc1+ 54. Ke3 Rd3+
55. Kf2 b3 0-1

[Event "Druzynowe Mistrzostwa Polski - II liga"]
[Site "Dom Wczasowy VIS Jastrzebia Gora"]
[Date "1899-12-30"]
[Round "3.83"]
[White "Czarniecka, Aleksandra"]
[Black "Mackiewicz, Anna"]
[Result "1-0"]
[WhiteTitle "m"]
[BlackTitle "k+"]
[WhiteElo "1960"]
[BlackElo "1850"]

1. e4 e5 2. Nf3 Nc6 3. Bb5 a6 4. Ba4 Nf6 5. O-O b5 6. Bb3 Bc5 7. c3 d6 8. d4 Bb6
9. a4 Bb7 10. Bg5 h6 11. Bxf6 Qxf6 12. Bd5 O-O 13. Qd3 exd4 14. axb5 axb5 15.
Rxa8 Bxa8 16. Qxb5 Ne7 17. Bxa8 Rxa8 18. Nxd4 Bxd4 19. cxd4 Qxd4 20. Nc3 Ng6 21.
Rd1 Qa7 22. h3 Ne5 23. Qe2 Rb8 24. Nd5 Qc5 25. Rd2 c6 26. Ne7+ Kh7 27. Nf5 d5
28. exd5 Nc4 29. Rc2 cxd5 30. Qg4 Qf8 31. Qd4 g6 32. Qxd5 Nb6 33. Qf3 Rc8 34.
Rxc8 Qxc8 35. Nd6 Qc1+ 36. Kh2 Qxb2 37. Qxf7+ Qg7 38. Qe6 Nd7 39. Nf7 Nf8 40.
Qc4 Nd7 41. Nd8 Qe7 42. Nc6 Ne5 43. Nxe7 Nxc4 44. Kg3 Kg7 45. Kf4 Kf7 46. Nd5
Nd6 47. h4 h5 48. Nc3 Nf5 49. g3 Nd4 50. Ne4 Ne2+ 51. Ke5 Ng1 52. Ng5+ Kg7 53.
Ke6 Ne2 54. Ke7 Nc3 55. Ne6+ Kh6 56. Ng5 Kg7 57. Ke6 Nd1 58. Ne4 Nb2 59. Ke7 Nd3
60. f4 Ne1 61. Ng5 Nc2 62. Ne6+ Kh6 63. Kf7 Ne3 64. Ng5 Nf5 65. Kg8 Nd6 66. Kh8
1-0

[Event "Druzynowe Mistrzostwa Polski - II liga"]
[Site "Dom Wczasowy VIS Jastrzebia Gora"]
[Date "1899-12-30"]
[Round "3.84"]
[White "Mrozowski, Patryk"]
[Black "Maj, Pawel"]
[Result "0-1"]
[WhiteTitle "I++"]
[BlackTitle "k"]
[WhiteElo "2116"]
[BlackElo "2188"]

1. e4 c5 2. Nf3 Nc6 3. d4 cxd4 4. Nxd4 g6 5. Be3 Nf6 6. Nd2 Bg7 7. c4 Ng4 8. Qxg4
Nxd4 9. Qd1 O-O 10. Bd3 d6 11. O-O f5 12. Bxd4 Bxd4 13. exf5 gxf5 14. Qb3 Qb6
15. Qxb6 axb6 16. Rfb1 Bd7 17. a3 Kf7 18. Ra2 Rg8 19. Kf1 Bc6 20. f3 Kf6 21. b4
Be3 22. b5 Bd7 23. Rb3 Bc5 24. Nb1 e5 25. Nc3 Be6 26. Nd5+ Bxd5 27. cxd5 Ra4 28.
Bc2 Rga8 29. Rd3 Rxa3 30. Rdxa3 Bxa3 31. g4 fxg4 32. fxg4 h6 33. h4 Rc8 34. Bf5
Rc3 35. Rc2 Rh3 36. Kg2 Rxh4 37. Rf2 Bc1 38. Rf3 Kg5 39. Rc3 Bf4 40. Rc7 Rh2+
41. Kf3 Rh3+ 42. Kg2 Rg3+ 43. Kf2 Rb3 44. Rxb7 Rxb5 45. Rg7+ Kh4 46. Be4 Rb2+
47. Kf1 Kg3 48. Rg6 Rb4 49. Bc2 e4 50. Ke2 Rd4 51. Bb3 Rd2+ 52. Ke1 Kf3 53. Rxd6
Rb2 0-1

[Event "Druzynowe Mistrzostwa Polski - II liga"]
[Site "Dom Wczasowy VIS Jastrzebia Gora"]
[Date "1899-12-30"]
[Round "3.85"]
[White "Liberadzki, Slawomir"]
[Black "Kopczyk, Daniel"]
[Result "0-1"]
[WhiteTitle "k"]
[BlackTitle "k+"]
[WhiteElo "2015"]
[BlackElo "2167"]

1. c4 e5 2. Nc3 Nc6 3. g3 g6 4. Bg2 Bg7 5. d3 Nge7 6. Rb1 O-O 7. b4 d6 8. e3 a5
9. b5 Nb8 10. Nge2 Nd7 11. O-O Rb8 12. Nd5 Nc5 13. Ba3 Bf5 14. Bxc5 dxc5 15. Nec3
Nxd5 16. Nxd5 Qd6 17. e4 Be6 18. Qd2 c6 19. bxc6 bxc6 20. Ne3 Bh6 21. Qxa5 Bxe3
22. fxe3 Qxd3 23. Rbd1 Qxe3+ 24. Kh1 Bxc4 25. Rfe1 Qf2 26. Qd2 Qxd2 27. Rxd2 Be6
28. Rc1 Rb4 29. a3 Rd4 30. Rdc2 c4 31. a4 Ra8 32. Ra1 Ra5 33. Kg1 Kf8 34. Kf2
Ke7 35. Ke3 Kd6 36. Bf1 Kc5 37. Be2 Rxe4+ 38. Kxe4 Bf5+ 39. Kxe5 Bxc2 40. Rc1
Bb3 41. Kf6 Rxa4 42. Kxf7 Ra2 43. Bf1 Rxh2 44. Ke6 Rd2 45. Ke5 Rd1 46. Rxd1 Bxd1
47. Ke4 Kb4 48. Bg2 c5 49. Ke3 c3 50. Bd5 Ka3 0-1

[Event "Druzynowe Mistrzostwa Polski - II liga"]
[Site "Dom Wczasowy VIS Jastrzebia Gora"]
[Date "1899-12-30"]
[Round "3.86"]
[White "Dzwierzynski, Bartosz"]
[Black "Grzelak, Artur"]
[Result "1/2-1/2"]
[WhiteTitle "I+"]
[BlackTitle "m"]
[WhiteElo "2089"]
[BlackElo "2103"]

1. d4 g6 2. c4 Bg7 3. Nc3 d6 4. e4 Nc6 5. Be3 e5 6. d5 Nce7 7. f3 f5 8. Bd3 Nf6
9. Nge2 O-O 10. b4 fxe4 11. Nxe4 Nf5 12. Bf2 Bh6 13. Nxf6+ Qxf6 14. Bxf5 Bxf5
15. O-O Bg7 16. Qd2 g5 17. Ng3 Qg6 18. Nxf5 Rxf5 19. Rae1 g4 20. fxg4 Qxg4 21.
Qe2 Qxe2 22. Rxe2 a5 23. Rb1 axb4 24. Rxb4 b6 25. Be3 Ra3 26. Rb3 Ra4 27. Rc3
h5 1/2-1/2

[Event "Druzynowe Mistrzostwa Polski - II liga"]
[Site "Dom Wczasowy VIS Jastrzebia Gora"]
[Date "1899-12-30"]
[Round "3.87"]
[White "Pajak, Jakub"]
[Black "Palacki, Rafal"]
[Result "1/2-1/2"]
[WhiteTitle "I++"]
[BlackTitle "I"]
[WhiteElo "1896"]
[BlackElo "1860"]

1. e4 c5 2. Nf3 Nc6 3. d4 cxd4 4. Nxd4 Nf6 5. Nc3 e5 6. Ndb5 d6 7. Bg5 a6 8. Na3
b5 9. Nd5 Be7 10. Bxf6 Bxf6 11. Nxf6+ Qxf6 12. g3 O-O 13. Bg2 Be6 14. c3 b4 15.
cxb4 Nxb4 16. b3 Rfd8 17. O-O d5 18. Qd2 Qe7 19. Nc2 Nxc2 20. Qxc2 d4 21. Qd3
Rdc8 22. f4 f6 23. Rfc1 Qa3 24. Rxc8+ Rxc8 25. Bf1 Rc6 26. Qd2 h6 27. Rd1 a5 28.
Qe2 Qc5 29. Rd2 Qb6 30. Qb5 Qxb5 31. Bxb5 Rc3 32. Kf2 Kf8 33. Be2 Ke7 34. Bd1
Rc1 35. f5 Bd7 36. Ke1 Kd6 37. Rc2 Rxc2 38. Bxc2 Kc5 39. a3 Bc6 40. Kd2 Bb5 41.
Bd3 Be8 1/2-1/2

[Event "Druzynowe Mistrzostwa Polski - II liga"]
[Site "Dom Wczasowy VIS Jastrzebia Gora"]
[Date "1899-12-30"]
[Round "3.88"]
[White "Skladanowski, Adam"]
[Black "Koziol, Pawel"]
[Result "1-0"]
[WhiteTitle "I++"]
[BlackTitle "I++"]
[WhiteElo "1774"]
[BlackElo "1732"]

1. d4 Nf6 2. Bf4 b6 3. Nf3 Bb7 4. e3 g6 5. h3 Bg7 6. Bd3 O-O 7. Nbd2 c5 8. c3 d6
9. Qe2 Nbd7 10. Bh2 Re8 11. O-O Rc8 12. Bb5 Ne4 13. Nxe4 Bxe4 14. Rfd1 cxd4 15.
Nxd4 Rf8 16. Ba6 Rc5 17. Nb3 Rc7 18. Nd2 Bc6 19. Bc4 Qa8 20. f3 Rfc8 21. Bd3 Nc5
22. Bc2 Ba4 23. Nb3 Bd7 24. Nd4 a6 25. Bg3 b5 26. Bh4 Kf8 27. Be1 Ne6 28. Be4
Qa7 29. Nc2 Nc5 30. Bd5 Na4 31. Nd4 Nb6 32. Bb3 Nc4 33. Kh1 Qb6 34. Rab1 d5 35.
Bg3 e5 36. Nc2 Be6 37. e4 dxe4 38. fxe4 Kg8 39. Bf2 Qc6 40. Nb4 Qb7 41. Nd5 Bxd5
42. Rxd5 Rd7 43. Rxd7 Qxd7 44. Rd1 Qe7 45. a4 Qg5 46. axb5 axb5 47. Bxc4 bxc4
48. Be3 Qe7 49. Qd2 f5 50. Bg5 Qb7 51. exf5 gxf5 52. Qd6 Qc6 53. Qe7 Qe8 54. Qb7
Qc6 55. Rd8+ 1-0

[Event "Druzynowe Mistrzostwa Polski - II liga"]
[Site "Dom Wczasowy VIS Jastrzebia Gora"]
[Date "1899-12-30"]
[Round "3.89"]
[White "Bartczak, Hanna"]
[Black "Giefert, Sara"]
[Result "0-1"]
[WhiteTitle "I++"]
[BlackTitle "I++"]
[WhiteElo "1501"]
[BlackElo "1682"]

1. d4 Nf6 2. Nc3 d6 3. Bf4 g6 4. e4 Bg7 5. Qd2 O-O 6. O-O-O b6 7. Bh6 Bb7 8. f3
Nbd7 9. h4 c5 10. Bxg7 Kxg7 11. g4 h5 12. Bh3 hxg4 13. Bxg4 cxd4 14. Qxd4 Ne5
15. Nge2 Nexg4 16. fxg4 e5 17. Qe3 Nxg4 18. Qg3 f5 19. exf5 gxf5 20. Rhf1 Qf6
21. Nd5 Bxd5 22. Rxd5 Rad8 23. Nc3 Qh6+ 24. Kb1 Kh8 25. Nd1 Qe6 26. Rd2 d5 27.
Nf2 Nh6 28. Qb3 Rfe8 29. Re1 d4 30. Qxe6 Rxe6 31. c3 Red6 32. cxd4 e4 33. Nh3
Ng4 34. Ng5 R8d7 35. Rg1 Rxd4 36. Rxd4 Rxd4 37. Ne6 Rd6 38. Nf4 e3 39. Re1 Rd4
40. Ne2 Rd5 41. Ng1 f4 42. Nf3 Ne5 43. Nxe5 Rxe5 44. Kc2 f3 45. Kd3 f2 0-1

[Event "Druzynowe Mistrzostwa Polski - II liga"]
[Site "Dom Wczasowy VIS Jastrzebia Gora"]
[Date "1899-12-30"]
[Round "3.90"]
[White "Niekras, Dawid"]
[Black "Klepek, Witold"]
[Result "0-1"]
[WhiteTitle "FM"]
[BlackTitle "k++"]
[WhiteElo "2309"]
[BlackElo "2182"]

1. e4 c6 2. Nf3 d5 3. d3 dxe4 4. dxe4 Qxd1+ 5. Kxd1 Nf6 6. Nfd2 g5 7. a4 Nbd7 8.
c3 Rg8 9. f3 g4 10. Nc4 b6 11. Be3 Bb7 12. Nbd2 O-O-O 13. b4 e6 14. Kc2 c5 15.
b5 Nh5 16. Bd3 gxf3 17. gxf3 e5 18. Rhg1 Be7 19. Rxg8 Rxg8 20. Rg1 Rg6 21. Nb2
Nf4 22. Bc4 Rxg1 23. Bxg1 Bg5 24. Bf2 f6 25. h4 Bh6 26. Bg8 Nf8 27. Nbc4 Kc7 28.
Be3 Bc8 29. Nf1 N8g6 30. Bf2 Nh3 31. Bg3 Bf4 32. h5 Ne7 33. Bxh7 Ng5 34. Bg6 Nxf3
35. Nce3 Bh3 36. Kd3 Ng5 37. Bf5 Nxf5 38. exf5 Nf7 39. Ke2 Bg5 40. Nd5+ Kd6 41.
c4 Nh6 42. Be1 Bg4+ 43. Kd3 Bxf5+ 44. Ke2 Bg4+ 45. Kd3 Bxh5 46. a5 Bg6+ 47. Ke2
Bf7 48. Nfe3 Bxe3 49. Nxe3 bxa5 50. Bxa5 f5 51. Kd3 f4 52. Nd1 Ng4 53. b6 axb6
54. Bxb6 Bg6+ 55. Kd2 e4 56. Ba7 Ne5 57. Ke1 Nd3+ 58. Kd2 Ke5 59. Nc3 Kd4 60.
Nd5 e3+ 0-1

[Event "Druzynowe Mistrzostwa Polski - II liga"]
[Site "Dom Wczasowy VIS Jastrzebia Gora"]
[Date "1899-12-30"]
[Round "3.91"]
[White "Zarnowski, Krzysztof"]
[Black "Zakrzewski, Marek"]
[Result "1/2-1/2"]
[WhiteTitle "I++"]
[BlackTitle "FM"]
[WhiteElo "2050"]
[BlackElo "2275"]

1. d4 Nf6 2. c4 e6 3. Nf3 d5 4. Nc3 c6 5. Bg5 Nbd7 6. e3 Qa5 7. Nd2 Bb4 8. Qc2
dxc4 9. Bxf6 Nxf6 10. Nxc4 Qc7 11. Be2 c5 12. a3 Bxc3+ 13. bxc3 O-O 14. Qb3 b6
15. Bf3 Rb8 16. a4 Ba6 17. Na3 cxd4 18. exd4 e5 19. Nb5 Bxb5 20. axb5 exd4 21.
O-O dxc3 22. Rfc1 Rbc8 23. g3 Rfd8 24. Bc6 a5 25. Rxc3 Qe5 26. Rf1 Qe6 27. Qb2
Qh3 28. Bg2 Qf5 29. Rc6 Rb8 30. Re1 h5 31. h3 Re8 32. Rxe8+ Rxe8 33. Qd4 Qxb5
34. Rxb6 Qe5 35. Qxe5 Rxe5 36. Rb8+ Kh7 37. Bf3 Kg6 38. Ra8 Ne8 39. Ra7 Rc5 40.
Kg2 Nc7 41. Bd1 f6 42. Bb3 Kh6 43. h4 g5 44. hxg5+ fxg5 45. Bf7 h4 46. gxh4 gxh4
47. f4 Kg7 48. Be6 Kf6 49. Bg4 Nd5 50. Ra6+ Ke7 51. Kh3 Nxf4+ 52. Kxh4 Nd5 53.
Kg3 Nc7 54. Ra7 Kd6 55. Bf3 Ke5 56. Kf2 Kd4 57. Bd1 Kc3 58. Ke3 Nd5+ 59. Ke4 Nb6
60. Ra6 Nc4 61. Ba4 Nd2+ 62. Ke3 Re5+ 63. Kf2 Kb4 64. Bc6 Nb3 65. Ra8 Nd4 66.
Rb8+ Kc3 67. Ba4 Re2+ 68. Kf1 Re4 69. Ra8 Kb4 70. Bd7 Re7 71. Be8 Re4 72. Rb8+
Kc3 73. Kf2 Kd2 74. Bd7 Re7 75. Ra8 Rxd7 76. Rxa5 Rf7+ 77. Kg3 Kd3 78. Re5 Ne2+
79. Kg4 Nc3 80. Re6 Ne4 81. Ra6 Nc5 82. Ra5 Kd4 83. Ra8 Ke5 84. Ra5 Rc7 85. Ra8
Rg7+ 86. Kf3 Rf7+ 87. Ke3 Rb7 88. Re8+ Ne6 89. Ra8 Rb3+ 90. Kd2 Rh3 91. Ra7 Nc5
92. Ra8 Nb3+ 93. Ke2 Nd4+ 94. Kd2 Ne6 95. Ra7 Ke4 96. Re7 Rd3+ 97. Kc2 Rd6 98.
Rh7 Nd4+ 99. Kc3 Nf5 100. Rh8 Rd3+ 101. Kc4 Ne3+ 102. Kc5 Rc3+ 103. Kb4 Nd5+ 104.
Kb5 Nf6 105. Kb4 Rc1 106. Rh4+ Kd5 107. Rh8 Kd4 108. Kb5 Rc7 109. Kb4 Nd5+ 110.
Kb3 Rb7+ 111. Kc2 Ne3+ 112. Kd2 Rb2+ 113. Ke1 Nf5 114. Rd8+ Ke3 115. Re8+ Kd3
116. Rd8+ Nd4 117. Kf1 Ke3 118. Re8+ Kf4 119. Rf8+ Nf5 120. Ke1 Ke4 1/2-1/2

[Event "Druzynowe Mistrzostwa Polski - II liga"]
[Site "Dom Wczasowy VIS Jastrzebia Gora"]
[Date "1899-12-30"]
[Round "3.93"]
[White "Slezinski, Nikodem"]
[Black "Bernat, Marcin"]
[Result "0-1"]
[WhiteTitle "I++"]
[BlackTitle "k"]
[WhiteElo "1985"]
[BlackElo "1905"]

1. Nf3 Nf6 2. d4 c5 3. d5 d6 4. Nc3 g6 5. e4 Bg7 6. Be2 O-O 7. O-O e6 8. Bf4 exd5
9. exd5 Bg4 10. h3 Bxf3 11. Bxf3 Qb6 12. a4 a6 13. a5 Qc7 14. Re1 Nbd7 15. Qd2
Rfe8 16. g4 Rxe1+ 17. Rxe1 b5 18. axb6 Nxb6 19. b3 Nfd7 20. Bg2 Nf6 21. g5 Ne8
22. Ne4 a5 23. Qd3 c4 24. Qg3 Rd8 25. Qh4 Nd7 26. Bf1 cxb3 27. cxb3 Ne5 28. Qg3
Qc2 29. Re3 Qd1 30. Nc3 Qxb3 31. Bb5 Nc7 32. Bc6 Qc2 33. Ne4 Nxd5 34. Bxd5 Qd1+
35. Kh2 Qxd5 36. Nf6+ Bxf6 37. gxf6 Nc4 38. Re7 Qf5 39. Bg5 Ne5 40. h4 h6 41.
Be3 Qxf6 42. Ra7 Qf5 43. Qf4 Ng4+ 44. Kg3 Nxe3 45. fxe3 Qxf4+ 46. Kxf4 Re8 47.
Rxa5 Kg7 48. e4 Kf6 49. h5 Re5 50. Ra6 Ke6 51. hxg6 fxg6 52. Ra8 g5+ 53. Kf3 Kf6
54. Rh8 Kg6 55. Rd8 Re6 56. Ke3 Kf6 57. Kd4 Ke7 58. Rh8 Rg6 59. Ke3 g4 60. Kf2
Kf6 61. Re8 Kg5 62. e5 dxe5 63. Rxe5+ Kh4 64. Kg2 Ra6 65. Re2 Ra4 66. Rb2 h5 67.
Rb5 Ra2+ 68. Kf1 g3 69. Kg1 Kg4 70. Rb4+ Kh3 71. Rb1 h4 72. Kh1 Ra3 73. Rc1 Kg4
74. Kg2 h3+ 75. Kh1 Kf3 76. Rb1 Rd3 77. Re1 Kf2 78. Rf1+ Ke2 79. Rf2+ gxf2 0-1

[Event "Druzynowe Mistrzostwa Polski - II liga"]
[Site "Dom Wczasowy VIS Jastrzebia Gora"]
[Date "1899-12-30"]
[Round "3.94"]
[White "Hemmerling, Jaroslaw"]
[Black "Swider, Pawel"]
[Result "1/2-1/2"]
[WhiteTitle "I++"]
[BlackTitle "I++"]
[WhiteElo "1855"]
[BlackElo "1920"]

1. e4 c6 2. d4 d5 3. e5 Bf5 4. Bd3 Bxd3 5. Qxd3 Qa5+ 6. Nd2 Qa6 7. c4 e6 8. Ngf3
Nd7 9. O-O Ne7 10. Qc2 dxc4 11. Nxc4 Nd5 12. Bd2 Be7 13. a3 h6 14. Rfc1 N7b6 15.
Na5 Rd8 16. b4 Nc7 17. a4 Nbd5 18. Qb3 Qb6 19. Nc4 Qa6 20. Na5 Rb8 21. Rab1 b5
22. Nxc6 Rb6 23. axb5 Nxb5 24. Nxe7 Kxe7 25. Qc4 Qb7 26. Ne1 Kd7 27. Nd3 Rc8 28.
Nc5+ Ke7 29. Qd3 Qb8 30. Qh7 Nxd4 31. Qxg7 Ne2+ 32. Kh1 Nxc1 33. Rxc1 Rg8 34.
Qxh6 Qxe5 35. Qh4+ Qf6 36. Qxf6+ Nxf6 37. Ra1 a6 38. f3 Nd5 39. Rxa6 Rxa6 40.
Nxa6 Ra8 41. b5 Nc7 42. Bb4+ Kd7 43. Nc5+ Ke8 44. h3 Nxb5 45. Kh2 Nc7 46. Ne4
Nd5 47. Bc5 Kd7 48. g4 f5 49. gxf5 exf5 50. Ng5 Rg8 51. h4 Nf4 52. Bd4 Ke7 53.
Be5 Ng6 54. Bg3 Rh8 55. Kh3 Kf6 56. Be1 Nf4+ 57. Kg3 Nh5+ 58. Kh3 Re8 59. Ba5
Kg6 60. Bc7 Re2 61. Bd6 Nf6 62. Kg3 Nd5 63. Nh3 Ra2 64. Nf4+ Nxf4 65. Bxf4 Ra4
66. Bg5 Kh5 67. Be7 Rc4 68. Bg5 Rb4 69. Bf4 Kg6 70. Bg5 Rc4 71. Bf4 Kf6 72. Bg5+
Ke5 73. h5 Ra4 74. h6 Ra7 75. Kh4 f4 76. Kg4 Rf7 77. Bd8 Rd7 78. Bg5 Rf7 79. Bd8
1/2-1/2

[Event "Druzynowe Mistrzostwa Polski - II liga"]
[Site "Dom Wczasowy VIS Jastrzebia Gora"]
[Date "1899-12-30"]
[Round "3.95"]
[White "Hampel, Anna"]
[Black "Kostecka, Marika"]
[Result "0-1"]
[WhiteTitle "I++"]
[BlackTitle "WCM"]
[WhiteElo "1665"]
[BlackElo "1868"]

1. e4 c5 2. Nf3 d6 3. d4 cxd4 4. Nxd4 Nf6 5. Nc3 a6 6. Be2 e5 7. Nb3 Be7 8. O-O
O-O 9. Kh1 Be6 10. f4 exf4 11. Bxf4 Nc6 12. Qe1 Nd7 13. Rd1 Nde5 14. Nc5 b6 15.
Nxe6 fxe6 16. Qg3 Bh4 17. Qh3 Qe7 18. a4 Bf6 19. Be3 Nb4 20. Bxb6 Nxc2 21. a5
Nb4 22. Na4 Rfc8 23. Rc1 Nbc6 24. Rfd1 Bg5 25. Rc2 Nb4 26. Rxc8+ Rxc8 27. Qb3
Nec6 28. Bg4 Re8 29. e5 Nd5 30. exd6 Qxd6 31. Bc5 Nxa5 32. Qh3 Qc6 33. b4 Nc4
34. Nc3 Nce3 35. Bxe3 Nxe3 36. Rd3 Qc4 37. Be2 Qf4 38. Qh5 Rf8 39. Bf3 Ng4 40.
Ne4 Qc1+ 41. Rd1 Qxd1+ 42. Bxd1 0-1

[Event "Druzynowe Mistrzostwa Polski - II liga"]
[Site "Dom Wczasowy VIS Jastrzebia Gora"]
[Date "1899-12-30"]
[Round "3.96"]
[White "Palosz, Andrzej"]
[Black "Kempinski, Tomasz"]
[Result "1/2-1/2"]
[WhiteTitle "k"]
[BlackTitle "FM"]
[WhiteElo "2023"]
[BlackElo "2181"]

1. e4 c5 2. Nc3 a6 3. Nf3 Nc6 4. d4 cxd4 5. Nxd4 e6 6. Be3 Qc7 7. Be2 Nf6 8. O-O
Bb4 9. Nxc6 dxc6 10. Na4 O-O 11. Nb6 Rb8 12. Bd3 e5 13. Nxc8 Rbxc8 14. Qe2 Bd6
15. Bg5 Nd7 16. Bc4 Nb6 17. Rad1 Bc5 18. Bb3 h6 19. Bh4 Be7 1/2-1/2

[Event "Druzynowe Mistrzostwa Polski - II liga"]
[Site "Dom Wczasowy VIS Jastrzebia Gora"]
[Date "1899-12-30"]
[Round "3.97"]
[White "Rusiniak, Slawomir"]
[Black "Mlynarski, Kamil"]
[Result "1-0"]
[WhiteTitle "k"]
[BlackTitle "I++"]
[WhiteElo "2122"]
[BlackElo "1876"]

1. d4 Nf6 2. Nf3 g6 3. c4 Bg7 4. Nc3 c5 5. e3 O-O 6. Be2 cxd4 7. exd4 d5 8. O-O
Nc6 9. h3 Bf5 10. Be3 Rc8 11. c5 Ne4 12. Rc1 e5 13. Nxe4 Bxe4 14. dxe5 Nxe5 15.
Nd4 Nc4 16. Qb3 Nxe3 17. Qxe3 Qf6 18. Rfd1 Rfe8 19. Bb5 Re7 20. Qg3 Rec7 21. f3
Bh6 22. Rc3 Bf4 23. Qf2 Bf5 24. b4 Qg5 25. Ne2 Qf6 26. Nxf4 Qxc3 27. Nxd5 Qc2
28. Qd4 Rd8 29. Nf6+ Kg7 30. Qxd8 Rd7 31. Ne8+ Kf8 32. Rxd7 Bxd7 33. Qxd7 1-0

[Event "Druzynowe Mistrzostwa Polski - II liga"]
[Site "Dom Wczasowy VIS Jastrzebia Gora"]
[Date "1899-12-30"]
[Round "3.98"]
[White "Pomagalski, Marcin"]
[Black "Bartkowiak, Damian"]
[Result "0-1"]
[WhiteTitle "I++"]
[BlackTitle "k"]
[WhiteElo "1884"]
[BlackElo "2102"]

1. e4 c6 2. d4 d5 3. Nc3 dxe4 4. Nxe4 Bf5 5. Ng3 Bg6 6. h4 h6 7. Nf3 Nd7 8. h5
Bh7 9. Bd3 Bxd3 10. Qxd3 Ngf6 11. Bd2 e6 12. O-O-O Be7 13. Kb1 O-O 14. Ne4 c5
15. Be3 Qc7 16. dxc5 Nxc5 17. Nxf6+ Bxf6 18. Qc4 Rfc8 19. Bd4 e5 20. Bc3 b5 21.
Qe2 e4 22. Nd4 Na4 23. Rh3 b4 24. Bxb4 Nxb2 25. Kxb2 Rab8 26. a3 a5 27. c3 axb4
28. axb4 Qe7 29. Qe1 Rc4 30. Kb3 Qc5 31. Qxe4 Rbxb4+ 32. Kc2 Bxd4 33. Qe8+ Kh7
34. Qe4+ f5 35. Qe8 Rxc3+ 36. Kd2 Rb2+ 37. Ke1 Bxf2+ 38. Kf1 Qc4+ 39. Rhd3 Qxd3+
0-1

[Event "Druzynowe Mistrzostwa Polski - II liga"]
[Site "Dom Wczasowy VIS Jastrzebia Gora"]
[Date "1899-12-30"]
[Round "3.99"]
[White "Walkusz, Witoslaw"]
[Black "Pazdzierz, Piotr"]
[Result "1-0"]
[WhiteTitle "FM"]
[BlackTitle "I"]
[WhiteElo "1904"]
[BlackElo "1599"]

1. e4 e6 2. d4 d5 3. Nc3 Nf6 4. Bg5 dxe4 5. Nxe4 Be7 6. Bxf6 Bxf6 7. Nf3 O-O 8.
Nxf6+ Qxf6 9. Bd3 Nd7 10. Qe2 Re8 11. O-O-O Rb8 12. Kb1 a6 13. h4 b5 14. Ne5 Nf8
15. h5 Bb7 16. h6 g6 17. Be4 Qe7 18. Bxb7 Rxb7 19. Nc6 Qf6 20. Qe4 Rb6 21. g4
Nd7 22. f4 a5 23. Rhe1 Ra6 24. g5 Qf5 25. Qxf5 gxf5 26. d5 Nc5 27. Nd4 Rb8 28.
dxe6 fxe6 29. Re5 Ne4 30. Nxe6 Rd6 31. Rxd6 cxd6 32. Rxf5 Ng3 33. Rd5 Re8 34.
Rxd6 Kf7 35. g6+ hxg6 36. Ng5+ Kf8 37. Rf6+ Kg8 38. Rxg6+ Kf8 39. Nh7+ Kf7 40.
Rg7+ Ke6 41. Rxg3 Kf5 42. b3 Kxf4 43. Rg4+ Kf3 44. Nf6 1-0

[Event "Druzynowe Mistrzostwa Polski - II liga"]
[Site "Dom Wczasowy VIS Jastrzebia Gora"]
[Date "1899-12-30"]
[Round "3.100"]
[White "Skawinski, Szymon"]
[Black "Andrzejewska, Anna"]
[Result "1/2-1/2"]
[WhiteTitle "I"]
[BlackTitle "WCM"]
[WhiteElo "1641"]
[BlackElo "1910"]

1. e4 e5 2. Nc3 Nf6 3. f4 d5 4. fxe5 Nxe4 5. d3 Nxc3 6. bxc3 c5 7. Nf3 Be7 8. Be2
O-O 9. O-O Nc6 10. Bf4 d4 11. Qe1 dxc3 12. Qxc3 Be6 13. Kh1 Rc8 14. Qd2 Nd4 15.
Nxd4 cxd4 16. Bf3 Qc7 17. a4 a5 18. Rfc1 Bb4 19. Qf2 Rfd8 20. Qg3 Kh8 21. Be4
Qd7 22. Qg5 Bd5 23. Bf5 Be6 24. Be4 Bd5 25. Bf5 Be6 26. Be4 1/2-1/2

[Event "Druzynowe Mistrzostwa Polski - II liga"]
[Site "Dom Wczasowy VIS Jastrzebia Gora"]
[Date "1899-12-30"]
[Round "3.101"]
[White "Mlynarska, Sylwia"]
[Black "Anyz, Monika"]
[Result "0-1"]
[WhiteTitle "k+"]
[BlackTitle "I++"]
[WhiteElo "1922"]
[BlackElo "1735"]

1. d4 c5 2. d5 Nf6 3. Nc3 g6 4. e4 d6 5. Bb5+ Bd7 6. a4 Bg7 7. Nf3 a6 8. Be2 O-O
9. h3 e6 10. Bf4 e5 11. Be3 Be8 12. Nd2 Nbd7 13. O-O Nb6 14. a5 Nc8 15. f4 Nd7
16. Nc4 exf4 17. Bxf4 Ne5 18. Qd2 Nxc4 19. Bxc4 Bd7 20. Bg5 f6 21. Bh4 Qe7 22.
Rae1 Kh8 23. Qe2 Na7 24. Rf3 g5 25. Bf2 Rae8 26. Nd1 Nb5 27. Bxb5 axb5 28. b4
c4 29. Qe3 Qd8 30. Bg3 g4 31. Rff1 gxh3 32. Bxd6 hxg2 33. Rf2 Rg8 34. Nc3 f5 35.
e5 Qh4 36. Rxg2 Bh6 37. Qf2 Rxg2+ 38. Kxg2 Rg8+ 39. Kf1 Qh3+ 40. Ke2 Rg2 0-1

[Event "Druzynowe Mistrzostwa Polski - II liga"]
[Site "Dom Wczasowy VIS Jastrzebia Gora"]
[Date "1899-12-30"]
[Round "3.102"]
[White "Balinski, Damian"]
[Black "Mroziak, Maciej"]
[Result "0-1"]
[WhiteTitle "k"]
[BlackTitle "IM"]
[WhiteElo "2188"]
[BlackElo "2352"]

1. d4 d5 2. c4 c6 3. Nf3 Nf6 4. e3 e6 5. Nc3 Nbd7 6. Qc2 Bd6 7. Bd3 O-O 8. O-O
dxc4 9. Bxc4 b5 10. Be2 Bb7 11. e4 e5 12. dxe5 Nxe5 13. Nxe5 Bxe5 14. Be3 Re8
15. f3 Qc7 16. h3 Nh5 17. Bf2 Re6 18. Rfd1 Nf4 19. Bf1 Qe7 20. g3 Rg6 21. Kh1
Nh5 22. g4 Qg5 23. Bg2 Qf4 24. Kg1 b4 25. Ne2 Qh2+ 26. Kf1 Ba6 27. Rd3 Bxd3 28.
Qxd3 Nf4 29. Nxf4 Qxf4 30. Be3 Qf6 31. Rd1 h6 32. b3 Qe7 33. f4 Bxf4 34. Bxf4
Rf6 35. Kg1 Rxf4 36. Kh1 Rf2 37. e5 Qxe5 0-1

[Event "Druzynowe Mistrzostwa Polski - II liga"]
[Site "Dom Wczasowy VIS Jastrzebia Gora"]
[Date "1899-12-30"]
[Round "3.103"]
[White "Dzierzak, Radoslaw"]
[Black "Zerebiec, Maurycy"]
[Result "1/2-1/2"]
[WhiteTitle "FM"]
[BlackTitle "I++"]
[WhiteElo "2254"]
[BlackElo "1885"]

1. d4 d5 2. c4 e6 3. Nf3 c6 4. e3 Bd6 5. Be2 Nd7 6. O-O f5 7. b3 Qe7 8. a4 a5 9.
Ba3 Ngf6 10. Ne5 Bxa3 11. Nxa3 Nxe5 12. dxe5 Ne4 13. Nc2 O-O 14. f3 Nc5 15. Nd4
f4 16. exf4 Rxf4 17. Ra2 Bd7 18. g3 Rf7 19. Kh1 Na6 20. cxd5 exd5 21. f4 Nb4 22.
Rd2 c5 23. Nb5 Bc6 24. Nd6 Rff8 25. Bf3 Rad8 26. Re1 Rxd6 27. exd6 Qxd6 28. Rde2
Qg6 29. Re6 Qc2 30. Rd6 Qxd1 31. Bxd1 1/2-1/2